000 00202nam a2200085Ia 4500
008 120527s9999 xx 000 0 und d
100 _aIFEOLUWASEYI, O.
245 _aClues for true friendship
942 _cBK
999 _c25282
_d25282